LDR 00946naa#a2200229#i#450# 001 RU\\bibl\103916 005 20260416075649.4 011 ## _a2308-4057 100 ## _a20260325b2026####ek#y0rusy0150####ca 101 0# _aENG 102 ## _aRU 200 1# _aEmpirical predicting permeate flux in skim milk microfiltration _eЖурнальная статья 210 1# _aКемерово _cКемеровский государственный университет _d2026 215 ## _a7 с. 608 ## _aЖурнальная статья _2local 675 ## _aХимическая технология. Химическая промышленность. Пищевая промышленность. Металлургия. Родственные отрасли. 66 _zENG 700 #1 _aMamay _gDmitriy S. 700 #1 _aBabenyshev _gSergey P. 700 #1 _aEvdokimov _gIvan A. 700 #1 _aMamay _gAngelina V. 700 #1 _aLisitsyn _gVyacheslav A. 856 4# _azh-szf.ru _u